MyGZULibrary

Domestic violence advocacy : (Record no. 1917)

MARC details
000 -LEADER
fixed length control field 01574cam a2200409 i 4500
001 - CONTROL NUMBER
control field 17668331
003 - CONTROL NUMBER IDENTIFIER
control field GZU
005 - DATE AND TIME OF LATEST TRANSACTION
control field 20201023113912.0
008 - FIXED-LENGTH DATA ELEMENTS--GENERAL INFORMATION
fixed length control field 130321s2014 cau b 001 0 eng
010 ## - LIBRARY OF CONGRESS CONTROL NUMBER
LC control number 2013009892
020 ## - INTERNATIONAL STANDARD BOOK NUMBER
International Standard Book Number 9781452241203 (pbk. : alk. paper)
040 ## - CATALOGING SOURCE
Original cataloging agency DLC
Language of cataloging eng
Transcribing agency DLC
Description conventions rda
Modifying agency DLC
042 ## - AUTHENTICATION CODE
Authentication code pcc
050 00 - LIBRARY OF CONGRESS CALL NUMBER
Classification number HV1444
Item number .D38 2014
082 00 - DEWEY DECIMAL CLASSIFICATION NUMBER
Classification number 362.82/9252
Edition number 23
100 1# - MAIN ENTRY--PERSONAL NAME
Personal name Davies, Jill
Fuller form of name (Jill M.)
240 10 - UNIFORM TITLE
Uniform title Safety planning with battered women
245 10 - TITLE STATEMENT
Title Domestic violence advocacy :
Remainder of title complex lives/difficult choices /
Statement of responsibility, etc. Jill Davies, Greater Hartford Legal Aid, Inc., Eleanor Lyon.
250 ## - EDITION STATEMENT
Edition statement Second edition.
264 #1 - PRODUCTION, PUBLICATION, DISTRIBUTION, MANUFACTURE, AND COPYRIGHT NOTICE
Place of production, publication, distribution, manufacture Thousand Oaks, California :
Name of producer, publisher, distributor, manufacturer SAGE,
Date of production, publication, distribution, manufacture, or copyright notice [2014]
300 ## - PHYSICAL DESCRIPTION
Extent xxvi, 337 pages ;
Dimensions 23 cm.
336 ## - CONTENT TYPE
Content type term text
Source rdacontent
337 ## - MEDIA TYPE
Media type term unmediated
Source rdamedia
338 ## - CARRIER TYPE
Carrier type term volume
Source rdacarrier
490 0# - SERIES STATEMENT
Series statement Sage series on violence against women ;
Volume/sequential designation 7
500 ## - GENERAL NOTE
General note Revision of the author's Safety planning with battered women : complex lives/difficult choices, published in 1998.
504 ## - BIBLIOGRAPHY, ETC. NOTE
Bibliography, etc. note Includes bibliographical references and index.
650 #0 - SUBJECT ADDED ENTRY--TOPICAL TERM
Topical term or geographic name entry element Abused women
General subdivision Counseling of.
650 #0 - SUBJECT ADDED ENTRY--TOPICAL TERM
Topical term or geographic name entry element Social work with women.
650 #0 - SUBJECT ADDED ENTRY--TOPICAL TERM
Topical term or geographic name entry element Wife abuse
General subdivision Prevention
-- Decision making.
650 #0 - SUBJECT ADDED ENTRY--TOPICAL TERM
Topical term or geographic name entry element Risk assessment.
650 #0 - SUBJECT ADDED ENTRY--TOPICAL TERM
Topical term or geographic name entry element Social advocacy.
700 1# - ADDED ENTRY--PERSONAL NAME
Personal name Lyon, Eleanor.
906 ## - LOCAL DATA ELEMENT F, LDF (RLIN)
a 7
b cbc
c orignew
d 1
e ecip
f 20
g y-gencatlg
942 ## - ADDED ENTRY ELEMENTS (KOHA)
Source of classification or shelving scheme Library of Congress Classification
Koha item type Books
Edition 2nd ed.
Classification part 1444
Item part DAV
Call number prefix HV
Call number suffix 2014
Holdings
Withdrawn status Lost status Damaged status Not for loan Collection code Home library Current library Shelving location Date acquired Total Checkouts Full call number Barcode Date last seen Copy number Price effective from Koha item type
        Non-fiction City Campus Library City Campus Library General Stacks 10/23/2020   HV1444 DAV 2014 026592 10/23/2020 c.1 10/23/2020 Books